<?xml version="1.0" encoding="UTF-8"?>
<record
    xmlns:xsi="http://www.w3.org/2001/XMLSchema-instance"
    xsi:schemaLocation="http://www.loc.gov/MARC21/slim http://www.loc.gov/standards/marcxml/schema/MARC21slim.xsd"
    xmlns="http://www.loc.gov/MARC21/slim">

  <leader>01598nam a22003257a 4500</leader>
  <datafield tag="999" ind1=" " ind2=" ">
    <subfield code="c">116132</subfield>
    <subfield code="d">116132</subfield>
  </datafield>
  <controlfield tag="003">dpl</controlfield>
  <controlfield tag="005">20181220144921.0</controlfield>
  <controlfield tag="008">181220b           ||||| |||| 00| 0 eng d</controlfield>
  <datafield tag="010" ind1=" " ind2=" ">
    <subfield code="a">B-081987</subfield>
  </datafield>
  <datafield tag="020" ind1=" " ind2=" ">
    <subfield code="c">190.00</subfield>
    <subfield code="a">8126307927</subfield>
  </datafield>
  <datafield tag="035" ind1=" " ind2=" ">
    <subfield code="a">B-081987</subfield>
  </datafield>
  <datafield tag="035" ind1=" " ind2=" ">
    <subfield code="a">B-78478</subfield>
  </datafield>
  <datafield tag="037" ind1=" " ind2=" ">
    <subfield code="b">Cen Lib/Ret </subfield>
  </datafield>
  <datafield tag="040" ind1=" " ind2=" ">
    <subfield code="a">DPL</subfield>
    <subfield code="b">HN</subfield>
    <subfield code="c">dpl</subfield>
  </datafield>
  <datafield tag="082" ind1=" " ind2=" ">
    <subfield code="a">&#x909; </subfield>
    <subfield code="b">&#x935;&#x930;&#x94D;&#x92E;&#x93E;&#x915;&#x947; </subfield>
  </datafield>
  <datafield tag="100" ind1=" " ind2=" ">
    <subfield code="a">&#x935;&#x930;&#x94D;&#x92E;&#x93E; , &#x915;&#x947; &#x90F;&#x932;. &#x92E;&#x94B;&#x939;&#x928; </subfield>
    <subfield code="9">64967</subfield>
  </datafield>
  <datafield tag="245" ind1=" " ind2=" ">
    <subfield code="a">&#x92E;&#x943;&#x917;&#x924;&#x943;&#x937;&#x94D;&#x923;&#x93E; /</subfield>
    <subfield code="c">&#x915;&#x947; &#x90F;&#x932;. &#x92E;&#x94B;&#x939;&#x928; &#x935;&#x930;&#x94D;&#x92E;&#x93E; ;&#x905;&#x928;&#x941;&#x935;&#x93E;&#x926;&#x915; &#x935;&#x93F;.&#x915;&#x947;. &#x930;&#x935;&#x93F;&#x928;&#x94D;&#x926;&#x94D;&#x930;&#x928;&#x93E;&#x925; [&#x90F;&#x935;&#x902;] &#x935;&#x93F;.&#x921;&#x940;.&#x915;&#x943;&#x937;&#x923;&#x928; &#x928;&#x92E;&#x94D;&#x92A;&#x93F;&#x92F;&#x930; </subfield>
  </datafield>
  <datafield tag="246" ind1=" " ind2=" ">
    <subfield code="a">Mrigtrishana :shayr bazar par malyalam ka aditya upanyas </subfield>
    <subfield code="b"> byK.L. Mohan ; anuvadak V.K.Ravindrnath [evam] V.D.Krishnan Nampiyar </subfield>
  </datafield>
  <datafield tag="260" ind1=" " ind2=" ">
    <subfield code="a">&#x928;&#x908; &#x926;&#x93F;&#x932;&#x94D;&#x932;&#x940; </subfield>
    <subfield code="b">&#x92D;&#x93E;&#x930;&#x924;&#x940;&#x92F; &#x91C;&#x94D;&#x91E;&#x93E;&#x928;&#x92A;&#x940;&#x920; </subfield>
    <subfield code="c">2003</subfield>
  </datafield>
  <datafield tag="270" ind1=" " ind2=" ">
    <subfield code="a">18-&#x907;&#x902;&#x921;&#x938;&#x94D;&#x91F;&#x94D;&#x930;&#x93F;&#x92F;&#x932; &#x90F;&#x930;&#x93F;&#x92F;&#x93E; &#x932;&#x94B;&#x927;&#x940; &#x930;&#x94B;&#x921; </subfield>
    <subfield code="b">&#x928;&#x908; &#x926;&#x93F;&#x932;&#x94D;&#x932;&#x940; </subfield>
    <subfield code="e">110003</subfield>
  </datafield>
  <datafield tag="300" ind1=" " ind2=" ">
    <subfield code="a">410&#x92A;&#x943;&#x937;&#x94D;&#x920;. </subfield>
    <subfield code="c">20&#x938;&#x947;&#x92E;&#x940;(&#x938;&#x91C;&#x93F;&#x932;&#x94D;&#x926;)</subfield>
  </datafield>
  <datafield tag="490" ind1=" " ind2=" ">
    <subfield code="a"> </subfield>
  </datafield>
  <datafield tag="650" ind1=" " ind2=" ">
    <subfield code="a">&#x939;&#x93F;&#x902;&#x926;&#x940;  &#x938;&#x93E;&#x939;&#x93F;&#x924;&#x94D;&#x92F; </subfield>
    <subfield code="9">64968</subfield>
  </datafield>
  <datafield tag="650" ind1=" " ind2=" ">
    <subfield code="a">&#x939;&#x93F;&#x902;&#x926;&#x940; &#x909;&#x92A;&#x928;&#x94D;&#x92F;&#x93E;&#x938; -&#x938;&#x93E;&#x92E;&#x93E;&#x91C;&#x93F;&#x915; &#x92F;&#x925;&#x93E;&#x930;&#x94D;&#x925; </subfield>
    <subfield code="9">64969</subfield>
  </datafield>
  <datafield tag="650" ind1=" " ind2=" ">
    <subfield code="a">Hindi literature</subfield>
    <subfield code="9">64970</subfield>
  </datafield>
  <datafield tag="650" ind1=" " ind2=" ">
    <subfield code="a">Hindi novel - Social Realism</subfield>
    <subfield code="9">64971</subfield>
  </datafield>
  <datafield tag="700" ind1=" " ind2=" ">
    <subfield code="a">&#x930;&#x935;&#x93F;&#x928;&#x94D;&#x926;&#x94D;&#x930;&#x928;&#x93E;&#x925;, &#x935;&#x940;.&#x915;&#x947;.</subfield>
    <subfield code="9">51979</subfield>
  </datafield>
  <datafield tag="700" ind1=" " ind2=" ">
    <subfield code="a">&#x928;&#x92E;&#x94D;&#x92A;&#x93F;&#x92F;&#x930;, &#x935;&#x940;.&#x921;&#x940;. &#x915;&#x943;&#x937;&#x94D;&#x923;&#x928; </subfield>
    <subfield code="9">64972</subfield>
  </datafield>
  <datafield tag="942" ind1=" " ind2=" ">
    <subfield code="2">ddc</subfield>
    <subfield code="c">HN</subfield>
    <subfield code="h">&#x909; </subfield>
    <subfield code="m">&#x935;&#x930;&#x94D;&#x92E;&#x93E;&#x915;&#x947; </subfield>
  </datafield>
  <datafield tag="952" ind1=" " ind2=" ">
    <subfield code="0">0</subfield>
    <subfield code="1">0</subfield>
    <subfield code="4">0</subfield>
    <subfield code="7">0</subfield>
    <subfield code="a">L</subfield>
    <subfield code="b">L</subfield>
    <subfield code="d">2015-08-22</subfield>
    <subfield code="e">Cen Lib /Ret</subfield>
    <subfield code="g">190.00</subfield>
    <subfield code="l">0</subfield>
    <subfield code="o">&#x909;  &#x935;&#x930;&#x94D;&#x92E;&#x93E;&#x915;&#x947;</subfield>
    <subfield code="p">B-081987</subfield>
    <subfield code="r">2015-08-22 00:00:00</subfield>
    <subfield code="t">1</subfield>
    <subfield code="v">190.00</subfield>
    <subfield code="w">2015-08-22</subfield>
    <subfield code="y">HN</subfield>
  </datafield>
  <datafield tag="952" ind1=" " ind2=" ">
    <subfield code="0">0</subfield>
    <subfield code="1">0</subfield>
    <subfield code="2">ddc</subfield>
    <subfield code="4">0</subfield>
    <subfield code="7">0</subfield>
    <subfield code="8">FIC</subfield>
    <subfield code="a">QRP</subfield>
    <subfield code="b">QRP</subfield>
    <subfield code="d">2018-12-20</subfield>
    <subfield code="e">&#x92D;&#x93E;&#x930;&#x924;&#x940;&#x92F; &#x91C;&#x94D;&#x91E;&#x93E;&#x928;&#x92A;&#x940;&#x920;</subfield>
    <subfield code="g">190.00</subfield>
    <subfield code="l">2</subfield>
    <subfield code="o">&#x909;  &#x935;&#x930;&#x94D;&#x92E;&#x93E;&#x915;&#x947;</subfield>
    <subfield code="p">B-78478</subfield>
    <subfield code="r">2019-09-04 00:00:00</subfield>
    <subfield code="s">2019-08-20</subfield>
    <subfield code="v">190.00</subfield>
    <subfield code="w">2018-12-20</subfield>
    <subfield code="y">HN</subfield>
  </datafield>
</record>
